000 00389nam a2200133Ia 4500
008 231129s9999||||xx |||||||||||||| ||spa||
020 _a978-958-58859-9-8
040 _bspa
082 _a813 G778mi
100 _aGray Claudia
245 0 _aMil lugares donde encontrarte
264 _aBogotá Colombia : Montena; Penguin Random House
942 _2ddc
_cBKS
999 _c21215
_d21215